000 00331nam a22001577a 4500
003 SGT
020 _a9789374736425
082 _a617.3
_bB21K
100 _aKOLEY, SHYAMAL
245 _aTB. OF BIOMECHANICS
250 _a1ST
260 _aINDIA
_bAITBS PUB
_c2021
300 _a318
650 _aPHYSIOTHERAPY
942 _2ddc
_cBK
999 _c21988
_d21988